RuPaul's Drag Race Quiz #2 - Statistics

General Stats
  • This quiz has been taken 494 times
  • The average score is 7 of 12
Answer Stats
Question Answer % Correct
Which season's Snatch Game had two winners? Season 7
92%
On what episode on season 9 was Eureka O'hara let go on? Episode 5
87%
Michelle Visage and what season 6 and All Stars 3 queen are known for having a similar makeup style? BenDeLaCreme
83%
Whose outfit top on season 6 was not interpreted as flower petals, but as uncooked bacon? Kelly Mantle
81%
Who was know to have jumped off the stage into a split during a lip-sync? Sahara Davenport or Kennedy Davenport
79%
And who were the two winners? Kennedy Davenport and Ginger Minj
73%
Who is known mostly for saying "henny"? Stacy Layne Matthews
62%
Who did the first split? Jade Sotomayor
61%
On All Stars 1, which team was the first and only to use their buzzer during the lip sync? Yarlexis
56%
Violet is known for one main thing, and that is? Corset abilities
42%
What challenge had Valentina lip syncing for her life on season 9? Your Pilot's on Fire
10%
Who has a Superman symbol tattoo on her left arm? Morgan McMichaels
9%
No matching quizzes found
Score Distribution
Percent of People with Each Score
Percentile by Number Answered
Your Score History
You have not taken this quiz